000 00642nam a2200169Ia 4500
008 110201s9999 xx 000 0 und d
082 _bB3022
_aN 84
100 _aदारव्हेकर पुरूषोत्तम
245 _aचंद्र नभीचा ढळला
260 _bजयहिंद प्रकाशन
365 _b2
600 _aदारव्हेकर पुरूषोत्तम
630 _aचंद्र नभीचा ढळला
700 _aदारव्हेकर पुरूषोत्तम
730 _aचंद्र नभीचा ढळला
942 _cBOOK
999 _c829784
_d829781